ՀՀ Գիտությունների ազգային ակադեմիայի հիմնարար գիտական գրադարան  =   Fundamental Scientific Library of NAS RA
Normal view MARC view

Entry Personal Name

Number of records used in: 32

001 - CONTROL NUMBER

  • control field: 1206

003 - CONTROL NUMBER IDENTIFIER

  • control field: AM-YEHGA

005 - DATE AND TIME OF LATEST TRANSACTION

  • control field: 20250617070426.0

008 - FIXED-LENGTH DATA ELEMENTS

  • fixed length control field: 050121 a|ac|n|aab||||||||||||a |n|||||||

040 ## - CATALOGING SOURCE

  • Original cataloging agency: AM-YEHGA

100 1# - HEADING--PERSONAL NAME

  • Personal name: Հակոբյան, Պիոն Հովսեփի,
  • Dates associated with a name: 1926-2000

400 1# - SEE FROM TRACING--PERSONAL NAME

  • Personal name: Հակոբյան, Պիոն,
  • Dates associated with a name: 1926-2000

400 1# - SEE FROM TRACING--PERSONAL NAME

  • Personal name: Հակոբյան, Պ.Հ.
  • Fuller form of name: (Պիոն Հովսեփի),
  • Dates associated with a name: 1926-2000

400 1# - SEE FROM TRACING--PERSONAL NAME

  • Personal name: Հակոբյան, Պ.
  • Fuller form of name: (Պիոն),
  • Dates associated with a name: 1926-2000

400 1# - SEE FROM TRACING--PERSONAL NAME

  • Personal name: Յակոբեան, Պիոն,
  • Dates associated with a name: 1926-2000

400 1# - SEE FROM TRACING--PERSONAL NAME

  • Personal name: Յակոբեան, Պ.
  • Fuller form of name: (Պիոն),
  • Dates associated with a name: 1926-2000

400 1# - SEE FROM TRACING--PERSONAL NAME

  • Personal name: Акопян, Пион Овсепович,
  • Dates associated with a name: 1926-2000

400 1# - SEE FROM TRACING--PERSONAL NAME

  • Personal name: Акопян, Пион О.
  • Dates associated with a name: 1926-2000

400 1# - SEE FROM TRACING--PERSONAL NAME

  • Personal name: Акопян, Пион,
  • Dates associated with a name: 1926-2000

400 1# - SEE FROM TRACING--PERSONAL NAME

  • Personal name: Акопян, П.О.
  • Dates associated with a name: 1926-2000

400 1# - SEE FROM TRACING--PERSONAL NAME

  • Personal name: Hakobyan, Pion Hovsepi,
  • Dates associated with a name: 1926-2000

670 ## - SOURCE DATA FOUND

  • Source citation: Հայկական համառոտ հանրագիտարան, 1999 :
  • Information found: հ. 3 (Հակոբյան Պիոն Հովսեփի (24.10.1926, գ. Ծղալթբիլա (Վրաստանի Ախալցխայի շրջ.) - [27.9.2000, Երևան]), գրականագետ, բնագրագետ։ Բանաս. գիտ. դ-ր (1969), պրոֆ. (1983)։ ՀՀ ԳԱԱ Մ. Աբեղյանի անվ. գրակ. ին-տի աշխ-կից (1954-ից), բնագրագիտ. բաժնի վարիչ (1975-89)։ ԵՊՀ դասախոս (1970-ից))

670 ## - SOURCE DATA FOUND

  • Source citation: Հայաստանի հանրապետութիւն, օրաթերթ, 29 սեպտ. 2000 :
  • Information found: էջ 7 (Պիոն Հովսեփի Հակոբյան : [(Մահախոսական)])

670 ## - SOURCE DATA FOUND

  • Source citation: Խաչատուր Աբովյանի տուն-թանգարան (Ուղեցույց), 1976 :
  • Information found: տիտղթ. (Պ.Հ. Հակոբյան); վերջ. (Հակոբյան Պիոն Հովսեփի)

670 ## - SOURCE DATA FOUND

  • Source citation: Հայագիտական ուսումնասիրություններ, 2003 :
  • Information found: տիտղթ. (Պիոն Հակոբյան; Կազմ.՝ Ա. Հակոբյան)

670 ## - SOURCE DATA FOUND

  • Source citation: Արևելյան Հայաստանի Ռուսաստանին միանալու արձագանքները հայ գրականության մեջ, 1978 :
  • Information found: տիտղթ. (Բնագր. պատ., ներածութ. և ծանոթ.՝ Պ. Հակոբյան)

670 ## - SOURCE DATA FOUND

  • Source citation: Վէրք Հայաստանի, Ողբ հայրենասիրի։ Պատմ. վէպ բաժանեալ յերիս մասունս, 2004 :
  • Information found: տիտղթ. (Խ. Աբովեան; Բնագիրը հրատ. պատրաստ.՝ Գ. Գասպարեան; Առաջաբանը և ծանոթագր.՝ Պ. Յակոբեան); վերջ. (Յակոբեան Պիոն)

670 ## - SOURCE DATA FOUND

  • Source citation: Хачатур Абовян (Проблемы творчества и литературных связей), 1987 :
  • Information found: т.л. (Редкол.: П.О. Акопян и др.)

670 ## - SOURCE DATA FOUND

  • Source citation: Аштарак (Истор. события, памятники, эпиграф. надписи, 2001 :
  • Information found: т.л. (Акопян Пион)


ՀՀ ԳԱԱ հիմնարար գիտական գրադարան
ՀՀ,Երևան 0019
Մարշալ Բաղրամյան 24/6
հեռախոս:(374-10) 52-47-50
Հետադարձ կապ

All site content, except where otherwise noted, is licensed under a
Creative Commons License